El "divino" Herrera y la condesa de Gelves : (Record no. 114810)

MARC details
000 -LEADER
campo de control de longitud fija 01105nam a2200241 i 4500
001 - NÚMERO DE CONTROL
campo de control 114810
003 - IDENTIFICADOR DE NÚMERO DE CONTROL
campo de control ES-MaACL
005 - FECHA Y HORA DE LA ÚLTIMA TRANSACCIÓN
campo de control 20251122063121.0
007 - CAMPO FIJO DE DESCRIPCIÓN FÍSICA--INFORMACIÓN GENERAL
campo de control de longitud fija t|
008 - DATOS DE LONGITUD FIJA--INFORMACIÓN GENERAL
campo de control de longitud fija 070330s1911 sp |||| |dspa d
100 1# - ENTRADA PRINCIPAL--NOMBRE DE PERSONA
Nombre de persona Rodríguez Marín, Francisco,
Fechas asociadas al nombre 1855-1943
9 (RLIN) 98634
245 14 - MENCIÓN DEL TÍTULO
Título El "divino" Herrera y la condesa de Gelves :
Resto del título conferencia leída en el Ateneo de Madrid el día 1º de junio de 1911 /
Mención de responsabilidad, etc. por Francisco Rodríguez Marín.
260 ## - PUBLICACIÓN, DISTRIBUCIÓN, ETC.
Lugar de publicación, distribución, etc. Madrid :
Nombre del editor, distribuidor, etc. [s.n.],
Fecha de publicación, distribución, etc. 1911 (
Fabricante Imp. de Bernardo Rodríguez)
300 ## - DESCRIPCIÓN FÍSICA
Extensión 31 p. :
Otras características físicas il. ;
Dimensiones 28 cm.
530 ## - NOTA DISPONIBLE DE FORMULARIO FÍSICO ADICIONAL
Nota de formato físico adicional disponible Disponible en formato digital.
594 ## - Nota al título y mención de responsabilidad
Nota al título y mención de responsabilidad Precede al tít.: Conferencias y cursos breves organizados por el Ministerio de Instrucción Pública y Bellas Artes.
600 14 - PUNTO DE ACCESO ADICIONAL DE MATERIA--NOMBRE DE PERSONA
Nombre de persona Herrera, Fernando de-
Subdivisión general Biografías.
9 (RLIN) 63191
600 14 - PUNTO DE ACCESO ADICIONAL DE MATERIA--NOMBRE DE PERSONA
Nombre de persona Fernández de Córdoba y Milán de Aragón, Leonor,
Fechas asociadas al nombre ca. 1534-1597
9 (RLIN) 173132
610 24 - PUNTO DE ACCESO ADICIONAL DE MATERIA--NOMBRE DE ENTIDAD CORPORATIVA
Nombre de entidad corporativa o nombre de jurisdicción como elemento de entrada Ateneo de Madrid-
Subdivisión de forma Conferencias-
Subdivisión cronológica 1900-1939
9 (RLIN) 1907
852 ## - LOCALIZACIÓN
Ubicación ES-MaACL
Número de control de estantería T-1259-F-7
856 ## - LOCALIZACIÓN Y ACCESO ELECTRÓNICOS
Identificador Uniforme de Recursos <a href="https://archive.org/details/eldivinoherreray00rodr ">https://archive.org/details/eldivinoherreray00rodr </a>
Nota pública Internet Archive
Holdings
Estatus retirado Estado de pérdida Estado de daño No para préstamo Colección Biblioteca de origen Biblioteca actual Ubicación en estantería Fecha de adquisición Fuente de adquisición Total de préstamos Signatura topográfica completa Código de barras Visto por última vez Precio de reemplazo Tipo de ítem Koha
        Colección de folletos Biblioteca del Ateneo de Madrid Biblioteca del Ateneo de Madrid Depósito folletos 17/01/2008     T-1259-F-7 1119725 23/02/2023 23/02/2023 Folleto